000 01232pam a2200289 a 4500
001 2503205
005 20020826200408.0
008 920227s1992 enk b 001 0 eng
010 _a 92008321
020 _a9780521438339
040 _aDLC
_cDLC
_dDLC
043 _ama-----
050 0 0 _aDS63.1
_b.A35 1992
082 0 0 _a320.9174927
_222
_bAJA
100 1 _aAjami, Fouad.
_99336
245 1 4 _aThe Arab Predicament :
_bArab Political Thought and Practice since 1967 /
_cFouad Ajami.
250 _aUpdated ed.
260 _aCambridge ;
_aNew York :
_bCambridge University Press,
_c1992.
300 _axx, 279 p. ;
_c22 cm.
504 _aIncludes bibliographical references and index.
651 0 _aArab countries
_xPolitics and government
_y1945-
_99337
856 4 2 _3Publisher description
_uhttp://www.loc.gov/catdir/description/cam025/92008321.html
856 4 1 _3Table of contents
_uhttp://www.loc.gov/catdir/toc/cam026/92008321.html
942 _2ddc
_cBB
999 _c12903
_d12903